| 000 | 00809cam a22002771 4500 | ||
|---|---|---|---|
| 001 | 6090423 | ||
| 003 | ARRUPE | ||
| 005 | 20161011121556.0 | ||
| 008 | 790713s1961 enk b 000 0 eng | ||
| 010 | _a 61003548 | ||
| 035 | _a(OCoLC)5168609 | ||
| 040 |
_aDLC _cKWiU _dNSbSU _dDLC |
||
| 042 | _apremarc | ||
| 050 | 0 | 0 |
_aB824.6 _bB57 1961 |
| 082 | _a170 | ||
| 100 | 1 |
_aBlanchard, Brand, _d1892-1987. _911140 |
|
| 245 | 1 | 0 |
_aReason and goodness. _cBlanchard, Brand, |
| 260 |
_aLondon, _bG. Allen & Unwin. _aNew York, _bMacmillan _c[1961] |
||
| 300 |
_a451 p. _c23 cm. |
||
| 440 | 0 |
_aMuirhead library of philosophy _911141 |
|
| 504 | _aIncludes bibliography. | ||
| 650 | 0 |
_aEthics. _911142 |
|
| 650 | 0 |
_aReason. _911143 |
|
| 906 |
_a7 _bcbc _coclcrpl _du _encip _f19 _gy-gencatlg |
||
| 942 |
_2lcc _cMONOGRAPH |
||
| 999 |
_c120798 _d120798 |
||